| 000 | 01211nam a22002775a 4500 | ||
|---|---|---|---|
| 008 | 090625t2008 waua|||fr|||| 00| 0 eng d | ||
| 020 | _a9780821373880 | ||
| 020 | _a9780821373903 | ||
| 022 | _a10205454 | ||
| 040 |
_aEG-ScBuE _beng _cEG-ScBuE |
||
| 082 | 0 | 4 |
_222 _a336.3435091724 _bGLO |
| 245 | 0 | 0 |
_aGlobal development finance / _cthe world bank. |
| 260 |
_aWashington : _bThe International Bank for reconstruction and development, _cc.2008. |
||
| 300 |
_a2 v. : _bill., maps ; _c28 cm. |
||
| 500 | _aV.1 Review, analysis & Outlook; V.2 Summary and Country tables | ||
| 505 | _a[vol. 1]. review, analysis, And outlook-- [vol.2]. Summary and country tables | ||
| 590 | _ayassmeen ashraf | ||
| 650 | 0 |
_aDebts, External _vPeriodicals. _xDeveloping countries _xStatistics _97015 _2BUEsh |
|
| 650 | 0 |
_aFinance _vPeriodicals. _xDeveloping countries _xStatistics _97016 _2BUEsh |
|
| 650 | 0 |
_aDeveloping countries _vPeriodicals. _xEconomic conditions _xStatistics _97017 _2BUEsh |
|
| 650 | 0 |
_aInternational economic relations _vPeriodicals. _xStatistics _97018 _2BUEsh |
|
| 651 | _2BUEsh | ||
| 653 |
_bBUSECO _cAugust2014 |
||
| 710 |
_aThe International Bank for reconstruction and development _97031 |
||
| 942 |
_2ddc _cBB |
||
| 999 |
_c12054 _d12054 |
||